Saints of the Shadow Bible /

Reinstated on the force, demoted, and wearing a chip on his shoulder, Rebus reteams with internal affairs officer, Malcolm Fox, to solve a cold case from 30 years ago in the 19th book in the Rebus series and the third one featuring Fox.

Bibliographic Details
Main Author: Rankin, Ian (Author)
Format: Book
Language:English
Published: New York : Little, Brown and Company, 2014.
Edition:First United States edition.
Series:Rankin, Ian. Inspector Rebus novel series.
Subjects:

MARC

Tag First Indicator Second Indicator Subfields
LEADER 00000cam a2200000Ii 4500
001 in00003427310
005 20151206091322.0
008 140102t20142013nyu 000 1 eng d
010 |a  2013955201 
020 |a 9780316224550 
020 |a 0316224553 
035 |a (OCoLC)ocn867025592 
040 |a CCPLG  |b eng  |e rda  |c CCPLG  |d CCPLG  |d OCLCO  |d HEV  |d OCO  |d JQM  |d JP3  |d ILC  |d OCLCO  |d ORX  |d UtOrBLW 
043 |a e-uk-st 
049 |a TXAM 
050 1 4 |a PR6068.A57  |b S35 2014 
082 0 4 |a 823/.914  |2 23 
090 |a PR6068.A57  |b S25 2014 
100 1 |a Rankin, Ian,  |e author. 
245 1 0 |a Saints of the Shadow Bible /  |c Ian Rankin. 
250 |a First United States edition. 
264 1 |a New York :  |b Little, Brown and Company,  |c 2014. 
264 4 |c ©2013 
300 |a 389 pages ;  |c 25 cm 
336 |a text  |b txt  |2 rdacontent 
337 |a unmediated  |b n  |2 rdamedia 
338 |a volume  |b nc  |2 rdacarrier 
490 1 |a An Inspector Rebus Novel 
520 |a Reinstated on the force, demoted, and wearing a chip on his shoulder, Rebus reteams with internal affairs officer, Malcolm Fox, to solve a cold case from 30 years ago in the 19th book in the Rebus series and the third one featuring Fox. 
650 0 |a Rebus, Inspector (Fictitious character)  |v Fiction. 
650 0 |a Police  |z Scotland  |z Edinburgh  |v Fiction. 
650 0 |a Cold cases (Criminal investigation)  |v Fiction. 
651 0 |a Edinburgh (Scotland)  |v Fiction. 
655 7 |a Mystery fiction.  |2 gsafd 
775 0 8 |i Reproduction of (manifestation):  |a Rankin, Ian.  |t Saints of the Shadow Bible  |d London : Orion Books, 2013  |z 9781409144748 
800 1 |a Rankin, Ian.  |t Inspector Rebus novel series. 
948 |a cataloged  |b h  |c 2014/2/3  |d c  |e ceaton  |f 12:11:14 pm 
994 |a C0  |b TXA 
999 |a MARS 
999 f f |s 7a7a8c04-9d5a-3d57-959d-694de6bbae74  |i c937c4c9-9a85-39aa-ad22-8fa8f68f3f9e  |t 0 
952 f f |p normal  |a Texas A&M University  |b College Station  |c Sterling C. Evans Library  |d Evans: Library Stacks  |t 0  |e PR6068.A57 S25 2014  |h Library of Congress classification  |i unmediated -- volume  |m A14842255250 
998 f f |a PR6068.A57 S25 2014  |t 0  |l Evans: Library Stacks